Normal view
MARC view
- DE-MTS-29
Entry Topical Term
001 - CONTROL NUMBER
- control field: 72429
003 - CONTROL NUMBER IDENTIFIER
- control field: NUST
005 - DATE AND TIME OF LATEST TRANSACTION
- control field: 20210628204808.0
008 - FIXED-LENGTH DATA ELEMENTS
- fixed length control field: 210628|| aca||aabn | a|a d
040 ## - CATALOGING SOURCE
- Original cataloging agency: NUST
- Transcribing agency: NUST
150 ## - HEADING--TOPICAL TERM
- Topical term or geographic name entry element: DE-MTS-29
670 ## - SOURCE DATA FOUND
- Source citation: Work cat.: (NUST): RABBIA,NEELMA,KOMAL,SUNDAS 72428, PR-SOF-1087-A.PR-SOF-1087-AUTONOMOUS NAVIGATION FOR FIXED WING RC PLANE USING NEURO FUZZY BASED ADAPTIVE FLIGHT CONTROLLER, 2011
